Guess the word #1 - Statistics

General Stats
  • This quiz has been taken 76 times
  • The average score is 10 of 10
Answer Stats
Answer % Correct
M
98%
L
97%
U
97%
E
95%
I
95%
L
95%
P
95%
T
95%
I
93%
R
93%
No matching quizzes found
Score Distribution
Percent of People with Each Score
Percentile by Number Answered
Your Score History
You have not taken this quiz